000 00674cam a2200241 a 4500
001 3090853
005 20180122073349.0
008 981104s1999 nyua 001 0 eng
010 _a 98050857
020 _a0446674761
035 _a(DLC) 98050857
040 _aDLC
_cDLC
_dDLC
041 _aeng
043 _an-us---
080 _a332.6 WAL
082 0 0 _a332.6 WAL
_221
100 1 _a63
101 _aECO
245 1 0 _aInvesting for the financially challenged /
_cWalter Updegrave.
906 _a7
_bcbc
_corignew
_d1
_eocip
_f19
_gy-gencatlg
942 _2ddc
_cBK
999 _c40663
_d40663